00801nam a2200241 a 450000100060000000300080000600500170001400800410003102000250007203500190009704000350011604100080015108200250015910000270018424500450021126000450025630000350030150000190033665000290035594200120038499900170039695201460041366041BD-RjUL20211209081508.0170313s1989 nyua 001 0 eng d a0078814847 :c$22.95 a(BD-RjUL)66171 aBD-RjULcBD-RjULdBD-RjULbeng aeng00a005.52223bPEU 19891 aPerry, Greg M.919534410aUsing Microsoft Word 5 /cGreg M. Perry. aBerkeley :bOsborne/McGraw-Hill,cc1989. axvii, 537 p. :bill. ;c24 cm. aIncludes index 0aWord processing.9182181 2ddccBK c66041d66041 00102ddc40718NFICaRUCLbRUCLcReadingd1994-08-19eAligarh library,g22.95l0o005.52 PEU 1989r2017-03-13 00:00:00tC-1w2017-03-13yBK